000 00227nam a22001097a 4500
082 _a823/FLE
100 _aFlemng,Ian
_983683
245 _aCasino Royale
260 _aIndia
_bFingerprint
_c2025
650 _aFiction
942 _cBK
999 _c68631
_d68631